Coupe du Monde de Basketball - 4 premières places - Statistiques

Statistiques générales
  • Ce quiz a été pris 6 366 fois
    4 708 depuis la dernière actualisation
  • Le résultat moyen est 14 sur 23
Statistiques - réponses
Pays % Correct
États-Unis
99%
France
99%
Espagne
98%
Allemagne
95%
Canada
94%
Serbie
87%
Argentine
84%
Brésil
80%
Italie
78%
Russie
77%
Australie
76%
Grèce
70%
Lituanie
65%
Union Soviétique
56%
Croatie
51%
Turquie
49%
Yougoslavie
49%
Nouvelle-Zélande
33%
Chili
31%
Cuba
25%
Philippines
12%
Porto Rico
12%
Taïwan
4%
Aucun quiz correspondant
Distribution des résultats
% des personnes avec chaque résultat
Percentile par nombre de réponses
Votre historique - résultats
Vous n’avez pas pris ce quiz depuis la dernière actualisation